1930 1823 1231 1890 1323 1882 1830 1325 1748 1655 1783 1259 1406 1828 1728 1124 1544 1670 1405 1754 1341 1110 1007 1665 1087 1906 1824 1139 1218 1497 1619 1603 1568 1939 1833 1701 1328 1344 1245 1090 1330 1203 1162 1383 1309 1327 1500 1091 1202 1040 1723 1208 1551 1387 1562 1129 1474 1045 1675 1017 1308 1912 1273 1878 1032 1511 1659 1807 1272 1006 1671 1726 1470 1781 1200 1129 1141 1318 1043 1892 1113 1832 1121 1982 1832 1228 1125 1646 1726 1740 1224 1435 1910 1782 1949 1029 1074 1834 1500 BCNSPRNW ULIB Ver.6.0+V

เปลี่ยนเป็นภาษาไทย

Change to English
 แสดงรายละเอียดบรรณานุกรม
  กลับหน้าหลัก

Brief Record : Get Marc (ISO 2709) : E-mail record : QR code < ปิดหน้าต่าง
LEADER : 00000nam 2200000uu 4500
001    13399108430
003     ULIB
008    110303s2548||||th 000 0 tha d
020    9749617495
060 04 WY141^bพ733ก 2548
100 0  พิมพ์พรรณ ศิลปสุวรรณ
245 10 การพยาบาลอาชีวอนามัย :^bแนวคิดและการปฏิบัติ /^cพิมพ์พรรณศิลปสุวรรณ
250    พิมพ์ครั้งที่ 2
260    กรุงเทพฯ :^bภาควิชาการพยาบาลสาธารณสุข คณะสาธารณสุขศาสตร์มหาวิทยาลัยมหิดล,^c2548
300    ก-ต, 639 หน้า :^bภาพประกอบ ; 29 ซม.
650  7 อาชีวอนามัย, การบริการ
650  7 การพยาบาลอุตสาหกรรม
710 2  มหาวิทยาลัยมหิดล. ^bคณะสาธารณสุขศาสตร์.^bภาควิชาการพยาบาลสาธารณสุข
945    ^p390^l0^i020143
945    ^p390^l0^i020144
945    ^p390^l0^i019788
945    ^p390^l0^i018025
945    ^p390^l0^i018417
995    ทศพร
999 ^a ใช้งานได้ทุกระบบ
รายการนี้ยังไม่มีแท็ก
คุณยังไม่ได้ล็อกอิน คุณสามารถมีกิจกรรมร่วมกับเว็บไซต์ได้ แต่ต้องล็อกอินก่อน ::
  ล็อกอิน

รายการสื่อสารสนเทศ

ลำดับที่ ประเภท เลขเรียก/บาร์โค้ด สถานที่ สถานะ
1. วิทยาศาสตร์การแพทย์ และสุขภาพ
วิทยาศาสตร์การแพทย์ และสุขภาพ
สถานะ=หนังสือเก่า
WY141 พ733ก 2548 ฉ.4 
  Barcode: 020143
ห้องสมุดวิทยาเขตสวรรค์ประชารักษ์
►ส่วนจัดเก็บหนังสือเก่า สปร
บนชั้น
  ขอยืม
2. วิทยาศาสตร์การแพทย์ และสุขภาพ
วิทยาศาสตร์การแพทย์ และสุขภาพ
สถานะ=หนังสือเก่า
WY141 พ733ก 2548 ฉ.5 
  Barcode: 020144
ห้องสมุดวิทยาเขตสวรรค์ประชารักษ์
►ส่วนจัดเก็บหนังสือเก่า สปร
บนชั้น
  ขอยืม

รายการใกล้เคียง
    ผู้แต่ง [พิมพ์พรรณ ศิลปสุวรรณ]

    หัวเรื่อง [อาชีวอนามัย, การบริการ]
    หัวเรื่อง [การพยาบาลอุตสาหกรรม]

BibComment


ยังไม่เคยถูกคอมเมนท์

คอมเมนท์ทรัพยากรรายการนี้
  คอมเมนท์: การพยาบาลอาชีวอนา..


 Copyright 2026. Bcnsprnw @Library